01170nab a2200229 i 4500001001000000003001000010005001700020008004100037040003000078041000800108100002800116245010400144520033900248546002300587650001800610650002600628650004300654773016900697942000800866945004900874999001700923768714001CO-MdFUSB20240806090010.0240806t1997 -us||||| |||| 00| 0 eng d bspacCO-MdFUSBdCO-MdFUSB aeng aMeek, Donald E.,eautor aProtestant missions and the evangelization of the Scottish Highlands, 1700–1850c/ Donald E. Meek aEste artículo destaca que la estrategia misionera internacional se puso a prueba durante las misiones iniciales en las Tierras Altas de Escocia. Las escuelas gaélicas fueron quizás la fuerza misionera más fuerte de las Tierras Altas. Varios sacerdotes de las Tierras Altas sirvieron como misioneros en Canadá y Australia.  aTexto en inglés. 0aMisiones9154 0aEvangelización9362 7aAntropología cultural y social967140 049483982893oR2738tInternational Bulletinof Missionary Researchw(CO-MdFUSB)768714001x0272-6122gVolumen 21, (número 2, 1997), páginas: 67 - 72qpágina: 67 cANA aCatherine Arias Álvarez - Practicante SENA c70738d70738